Gaming Quiz

Random Gaming or Letter Quiz

Scrabble 1 Point Minefield Quiz Stats

Quiz Updated Mar 30, 2016

Challenge
Share
Tweet
Embed
Score 0/11 Timer 00:30
10 Plays Today
Letter Letter % Correct
Safe???
93.5%
Safe???
87.9%
Safe???
83.9%
Safe???
80.9%
Safe???
80%
Safe???
75.1%
Safe???
66%
Safe???
63.2%
Safe???
55.4%
Safe???
51.8%
MINE???
49.9%

You're not logged in!

Compare scores with friends on all Sporcle quizzes.
Join for Free
OR
Log In

You Might Also Like...

Show Comments

Extras

Top Quizzes Today


Score Distribution

Your Account Isn't Verified!

In order to create a playlist on Sporcle, you need to verify the email address you used during registration. Go to your Sporcle Settings to finish the process.

Report this User

Report this user for behavior that violates our Community Guidelines.

Details: